Квиз о Парагвају - Statistics

General Stats
  • This quiz has been taken 68 times
  • The average score is 8 of 18
Answer Stats
Опис Одговор % Correct
Званични језици Шпански
100%
Државе са којима се граничи Бразил
98%
Државе са којима се граничи Аргентина
96%
Државе са којима се граничи Боливија
94%
Парагвај је једна од две државе Јужне Америке која нема ... Излаз на море
83%
Главни и највећи град Асунсион
77%
Заокружи на најближи цели број, проценат струје који Парагвај добија од хидроенергије 100
51%
Река у коју се река Парагвај улива Парана
47%
Парагвај је дом Капибаре, највећег ______ на свету Глодара
43%
Парагвај има 2.01 примерака ове животиње по глави становника што је највећи однос на свету, после Уругваја и Новог Зеланда Краве
36%
Парагвај је други највећи произвођач ове аутохтоне биљке која је нискокалорична замена за шећер (почиње на слово С) Стевија
21%
Званични језици Гварани
17%
95% становништва припада овој групи, мешавини Шпанаца и Индијанаца Местици
17%
Западни Парагвај је део ове равничарске степске области Гран {Чако}
13%
Зрнаста биљка која чини 39% извоза Соја
11%
Други назив за Парагвајски рат, у коме је ова држава изгубила трећину територије и већину мушког становништва Рат {Тројног} савеза
9%
Популарно јужноамеричко пиће слично парагвајском теререу Мате
6%
Други највећи град, налази се близу Игуасу водопада Сијудад дел {Есте}
4%
No matching quizzes found
Score Distribution
Percent of People with Each Score
Percentile by Number Answered
Your Score History
You have not taken this quiz